| 000 | 00377 a2200157 4500 | ||
|---|---|---|---|
| 999 |
_c321304 _d321304 |
||
| 001 | 86231 | ||
| 003 | NUST | ||
| 005 | 20180122100352.0 | ||
| 008 | 180122b xxu||||| |||| 00| 0 eng d | ||
| 020 | _a9789693512205 | ||
| 082 | _a891.9143 SHA | ||
| 100 |
_aShafiq Ur Rehman _91675 |
||
| 245 |
_aKirnain _cShafiq Ur Rehman _hUrdu |
||
| 250 | _a1st | ||
| 260 |
_aLahore _bSang e Meel _c2008 |
||
| 300 | _a144p. | ||
| 500 | _aGeneral Collection | ||
| 942 |
_aCAE NUST _cBK _k891.9143 SHA _2ddc |
||